Estudios jurídicos in memorian del profesor Alfredo Calonge
Saved in:
| Main Authors: | , , |
|---|---|
| Format: | Bog |
| Sprog: | spansk |
| Udgivet: |
Salamanca
Asociación Iberoamericana de Derecho Romano
2002
|
| Fag: | |
| Tags: |
Tilføj Tag
Ingen Tags, Vær først til at tagge denne postø!
|
MARC
| LEADER | 00000nam a2200000 a 4500 | ||
|---|---|---|---|
| 001 | UCJ2397 | ||
| 003 | CL-VaPUC | ||
| 008 | 061214e20020000SP |||||||||||||||||spa|d | ||
| 020 | |a 8495610221 | ||
| 020 | |a 8495610205v.1 | ||
| 020 | |a 8495610213v.2 | ||
| 082 | 0 | 4 | |a 346.46 |b GAR |2 21 |
| 100 | |a García Sánchez, Justo |e author |9 503399 | ||
| 700 | 0 | |a Díaz, Pelayo de la Rosa |e author |9 503400 | |
| 700 | 0 | |a Torrent Ruiz, Armando |e author |9 503401 | |
| 245 | 1 | 0 | |a Estudios jurídicos in memorian del profesor Alfredo Calonge |
| 300 | |a v | ||
| 942 | |c BK | ||
| 945 | |d 20061214 00:00:00 |a jtorresc | ||
| 260 | |a Salamanca |b Asociación Iberoamericana de Derecho Romano |c 2002 | ||
| 600 | 0 | 7 | |a CALONGE, ALFREDO |2 CL-VaPUC |9 503402 |
| 650 | 0 | |a Derecho civil |9 255013 | |
| 650 | 0 | |a Derecho romano |9 255930 | |
| 650 | 0 | |a Derecho comparado |9 255664 | |
| 650 | 7 | |a ESTUDIOS JURIDICOS |2 CL-VaPUC |9 503403 | |
| 651 | 0 | |a España |9 254926 | |
| 583 | |a last modification |c 20061214 00:00:00 |k Rodrigo Vera | ||
| 999 | |c 318698 |d 318696 | ||
| 952 | |0 0 |1 0 |4 0 |6 346_460000000000000_GAR_2002 |7 0 |8 DER_ROM |9 396710 |a BIBDER |b BIBDER |d 2019-11-22 |h v.1 |i 4193784 |o 346.46 GAR 2002 |p 4193784 |r 2023-01-25 |w 2019-11-22 |x Ubicación 4to piso |y BK |z Este recurso debe solicitarse con anticipación |k DER | ||
| 952 | |0 0 |1 0 |4 0 |6 346_460000000000000_GAR_2002 |7 0 |8 DER_ROM |9 396711 |a BIBDER |b BIBDER |d 2019-11-22 |h v.2 |i 4193792 |o 346.46 GAR 2002 |p 4193792 |r 2023-01-25 |w 2019-11-22 |x Ubicación 4to piso |y BK |z Este recurso debe solicitarse con anticipación |k DER | ||